The economics of work and pay

Αποθηκεύτηκε σε:
Λεπτομέρειες βιβλιογραφικής εγγραφής
Κύριος συγγραφέας: Rees, Albert
Μορφή: Βιβλίο
Γλώσσα:Undetermined
Έκδοση: New York Harper & Row 1979
Θέματα:
Ετικέτες: Προσθήκη ετικέτας
Δεν υπάρχουν, Καταχωρήστε ετικέτα πρώτοι!
Thư viện lưu trữ: Trung tâm Học liệu Trường Đại học Cần Thơ
LEADER 00464nam a2200181Ia 4500
001 CTU_81882
008 210402s9999 xx 000 0 und d
082 |a 331 
082 |b R328 
100 |a Rees, Albert 
245 4 |a The economics of work and pay 
245 0 |c Albert Rees 
260 |a New York 
260 |b Harper & Row 
260 |c 1979 
650 |a Labor economic 
904 |i Trọng Hải 
980 |a Trung tâm Học liệu Trường Đại học Cần Thơ